Visualizzazione normale
Vista MARC
- Heyward Dubose
di Personal Name
Records bibliografici associati: 1
001 - CONTROL NUMBER
- control field: 17098
003 - CONTROL NUMBER IDENTIFIER
- control field: IT-RoPau
005 - DATE AND TIME OF LATEST TRANSACTION
- control field: 20140323104645.0
008 - FIXED-LENGTH DATA ELEMENTS
- fixed length control field: 140323|| aca||aabn | a|a d
040 ## - CATALOGING SOURCE
- Original cataloging agency: IT-RoPau
- Transcribing agency: IT-RoPau
100 ## - HEADING--PERSONAL NAME
- Personal name: Heyward Dubose
- Miscellaneous information: Codice autore SPICS: 24225
- Relator term: Autore
- Name of part/section of a work: Summertime
670 ## - SOURCE DATA FOUND
- Source citation: Work cat.: (IT-RoPau)100833: Parker Charlie (B.) 11909, Charlie Parker